000 00450nam a2200157 a 4500
005 20140412111303.0
008 010418s19uu xx 00 eng d
020 _a971-23-0801-4
050 _aFil 398.2
_bMAR 1990
100 _aMarquez, Alberto T.
245 _aStories to remember /
_cby Alberto T. Marquez.
260 _aManila, Philippines :
_bRex Book Store,
_c1990.
300 _avi p. ; 199p.
650 _aFilipino stories
999 _c103521
_d103521